000 00473nam a2200169Ia 4500
999 _c12628
_d12628
003 OSt
005 20201023111727.0
008 190216s9999||||xx |||||||||||||| ||und||
040 _coclc
082 _a823.912
_bCON/L
100 _aConrad, Joseph
_94795
245 0 _aLord Jim /
_cJoseph Conrad
260 _bMacmillan,
_c1977.
_aDelhi:
300 _a94p
650 _aEnglish Novel-English Novel
942 _cBK
_2ddc
_h823.912
_iCON/L
_k823.912
_mCON/L